[Event "GER-ch U25-A"]
[Site "Willingen"]
[Date "2023.06.01"]
[Round "7"]
[White "Weidenhoefer, Max"]
[Black "Rohm, Linus"]
[Result "1/2-1/2"]
[WhiteElo "2000"]
[BlackElo "1911"]
[PlyCount "135"]
[EventDate "2023.05.27"]
[EventType "swiss"]
[EventRounds "9"]
[EventCountry "GER"]
[SourceTitle "CBM 214 Extra"]
[Source "ChessBase"]
[SourceDate "2023.07.31"]
[SourceVersion "1"]
[SourceVersionDate "2023.07.31"]
[SourceQuality "1"]

1. e4 c5 2. Nf3 e6 3. d4 cxd4 4. Nxd4 Nf6 5. Nc3 Nc6 6. a3 Be7 7. Be3 0-0 8. Be2 d5 9. exd5 Nxd5 10. Nxd5 Qxd5 11. Bf3 Qc4 12. Nxc6 bxc6 13. Be2 Qd5 14. 0-0 Bf6 15. c3 Qxd1 16. Rfxd1 Rd8 17. Rxd8+ Bxd8 18. Rd1 Be7 19. Bf3 Rb8 20. b4 c5 21. h3 Kf8 22. c4 Bb7 23. Bxb7 Rxb7 24. b5 Ke8 25. Kf1 Rd7 26. Rxd7 Kxd7 27. Bf4 Kc8 28. Be5 f6 29. Bc3 Bd8 30. Ke2 Bc7 31. Kd3 Kb7 32. a4 a5 33. g4 h6 34. Ke4 Kc8 35. h4 Kd7 36. f4 Ke7 37. f5 Kf7 38. Bd2 g5 39. fxg6+ Kxg6 40. Bf4 Bb6 41. Bd6 Kf7 42. Kf4 Kg6 43. Bb8 Kf7 44. g5 hxg5+ 45. hxg5 fxg5+ 46. Kxg5 Kg7 47. Kf4 Kf6 48. Bd6 Kg6 49. Ke4 Kf6 50. Bg3 Kf7 51. Bh4 Ke8 52. Ke5 Kd7 53. Bg5 Bc7+ 54. Kf6 Bd8+ 55. Kg6 Bb6 56. Kf7 Bc7 57. Bh4 Bb6 58. Bg3 Ba7 59. Be5 Bb6 60. Bb8 Kc8 61. Bd6 Kd7 62. Bf8 Ba7 63. Kf6 Bb6 64. Ke5 Bc7+ 65. Ke4 Bb6 66. Bg7 Bc7 67. Be5 Bb6 68. Bb8 1/2-1/2

[Event "GER-chT School WK 2"]
[Site "Playchess.com INT"]
[Date "2020.06.15"]
[Round "4.4"]
[White "Rohm, Linus"]
[Black "Probst, Ilias"]
[Result "0-1"]
[WhiteElo "1838"]
[BlackElo "1882"]
[PlyCount "108"]
[EventDate "2020.06.08"]
[EventType "team-swiss (blitz)"]
[EventRounds "7"]
[EventCountry "GER"]
[SourceTitle "EXT 2021"]
[Source "ChessBase"]
[SourceDate "2020.10.23"]
[SourceVersion "1"]
[SourceVersionDate "2020.10.23"]
[SourceQuality "1"]
[WhiteTeam "Theodor Gymn"]
[BlackTeam "Weierh Gymn"]
[WhiteTeamCountry "GER"]
[BlackTeamCountry "GER"]

1. d4 Nf6 2. Bf4 d6 3. Nc3 g6 4. e4 Nh5 5. Be3 Bg7 6. Qd2 Nd7 7. 0-0-0 0-0 8. Be2 Nhf6 9. g4 e5 10. d5 Nb6 11. g5 Ng4 12. f3 Nxe3 13. Qxe3 f6 14. h4 fxg5 15. hxg5 Rf7 16. Nh3 Bf8 17. Rh2 Be7 18. Kb1 Bxh3 19. Rxh3 Bxg5 20. Qf2 Qd7 21. Rdh1 Raf8 22. Rg3 Bf4 23. Rgg1 c6 24. Qh4 cxd5 25. Rxg6+ Kh8 26. exd5 Qf5 27. Bd3 Qd7 28. Nb5 Nc8 29. Nc3 Rg8 30. Rxg8+ Kxg8 31. Rg1+ Kf8 32. Ne4 Qe7 33. Qg4 Qd7 34. Qg8+ Ke7 35. Ng5 Bxg5 36. Rxg5 Nb6 37. Rg7 Rxg7 38. Qxg7+ Kd8 39. Qxd7+ Kxd7 40. Bxh7 Nxd5 41. Be4 Ke6 42. c4 Nb6 43. b3 d5 44. cxd5+ Nxd5 45. Kc2 b6 46. Kd3 Nb4+ 47. Kc4 Nxa2 48. Kb5 Nc3+ 49. Ka6 Nxe4 50. fxe4 Kd6 51. Kxa7 Kc5 52. b4+ Kxb4 53. Kxb6 Kc4 54. Kc6 Kd4 0-1

[Event "GER-chT School WK 2"]
[Site "Playchess.com INT"]
[Date "2020.06.08"]
[Round "2.4"]
[White "Eckert, Luca"]
[Black "Rohm, Linus"]
[Result "0-1"]
[WhiteElo "1953"]
[BlackElo "1838"]
[PlyCount "60"]
[EventDate "2020.06.08"]
[EventType "team-swiss (blitz)"]
[EventRounds "7"]
[EventCountry "GER"]
[SourceTitle "EXT 2021"]
[Source "ChessBase"]
[SourceDate "2020.10.23"]
[SourceVersion "1"]
[SourceVersionDate "2020.10.23"]
[SourceQuality "1"]
[WhiteTeam "Leibniz Gymn"]
[BlackTeam "Theodor Gymn"]
[WhiteTeamCountry "GER"]
[BlackTeamCountry "GER"]

1. e4 e6 2. d4 d5 3. e5 c5 4. Nf3 Qb6 5. Nc3 Nc6 6. Bb5 a6 7. Bxc6+ bxc6 8. dxc5 Bxc5 9. 0-0 f6 10. Re1 Bxf2+ 11. Kf1 Bxe1 12. Qxe1 a5 13. b3 Ba6+ 14. Ne2 fxe5 15. Nxe5 Ne7 16. Nf3 0-0 17. Ba3 Nf5 18. Bxf8 Ne3+ 19. Kg1 Nxc2+ 20. Kf1 Nxe1 21. Kxe1 Rxf8 22. Rc1 Bxe2 23. Rxc6 Qxc6 24. Nd4 Qa6 25. Nxe2 e5 26. b4 axb4 27. a3 bxa3 28. Nd4 exd4 29. g4 Qd3 30. h4 Rf1# 0-1

[Event "GER Cup Net Final-C U1600"]
[Site "Playchess.com INT"]
[Date "2020.06.06"]
[Round "6"]
[White "Rohm, Linus"]
[Black "Muehlbauer, Adrian"]
[Result "1-0"]
[WhiteElo "1698"]
[BlackElo "1638"]
[PlyCount "37"]
[EventDate "2020.06.06"]
[EventType "swiss (blitz)"]
[EventRounds "13"]
[EventCountry "GER"]
[SourceTitle "CBM 197 Extra"]
[Source "ChessBase"]
[SourceDate "2020.09.30"]
[SourceVersion "1"]
[SourceVersionDate "2020.09.30"]
[SourceQuality "1"]

1. d4 d5 2. Bf4 Nf6 3. e3 e6 4. c3 b6 5. Nd2 Nbd7 6. Ngf3 Bb7 7. Bd3 Bd6 8. Bg3 0-0 9. Qe2 Be7 10. Ne5 Nxe5 11. dxe5 Nd7 12. h4 c5 13. Nf3 c4 14. Bxh7+ Kxh7 15. Ng5+ Bxg5 16. hxg5+ Kg8 17. Qh5 f5 18. g6 Re8 19. Qh8# 1-0

[Event "GER Cup Net Final-C U1600"]
[Site "Playchess.com INT"]
[Date "2020.06.06"]
[Round "12"]
[White "Rohm, Linus"]
[Black "Watermann, Bernd"]
[Result "1-0"]
[WhiteElo "1698"]
[BlackElo "1605"]
[PlyCount "95"]
[EventDate "2020.06.06"]
[EventType "swiss (blitz)"]
[EventRounds "13"]
[EventCountry "GER"]
[SourceTitle "CBM 197 Extra"]
[Source "ChessBase"]
[SourceDate "2020.09.30"]
[SourceVersion "1"]
[SourceVersionDate "2020.09.30"]
[SourceQuality "1"]

1. d4 d5 2. Bf4 e6 3. e3 f5 4. c4 c6 5. Nc3 Nf6 6. Bd3 Bd6 7. Bxd6 Qxd6 8. f4 0-0 9. Nf3 Bd7 10. 0-0 Be8 11. c5 Qe7 12. b4 a6 13. a4 Bh5 14. Qc2 Bxf3 15. Rxf3 Ne4 16. Bxe4 fxe4 17. Rg3 Nd7 18. Rf1 Nf6 19. Qe2 Qf7 20. f5 exf5 21. Rxf5 g6 22. Qf2 Qg7 23. Qe2 Rae8 24. h4 Qh6 25. h5 Kh8 26. hxg6 hxg6 27. Rh3 Qxh3 28. gxh3 gxf5 29. Qf2 Rg8+ 30. Kf1 Nh5 31. Qh4 Rg5 32. Qxg5 Ng7 33. b5 axb5 34. axb5 Rf8 35. bxc6 bxc6 36. Ne2 Ne6 37. Qh6+ Kg8 38. Qxe6+ Kg7 39. Nf4 Rf6 40. Nh5+ Kg6 41. Qxf6+ Kxh5 42. h4 Kg4 43. Qg5+ Kh3 44. Kf2 f4 45. Qg2+ Kxh4 46. exf4 e3+ 47. Kf3 Kh5 48. Qg5# 1-0

[Event "GER Cup Net Final-C U1600"]
[Site "Playchess.com INT"]
[Date "2020.06.06"]
[Round "8"]
[White "Segermann, Nils"]
[Black "Rohm, Linus"]
[Result "0-1"]
[WhiteElo "1705"]
[BlackElo "1698"]
[PlyCount "96"]
[EventDate "2020.06.06"]
[EventType "swiss (blitz)"]
[EventRounds "13"]
[EventCountry "GER"]
[SourceTitle "CBM 197 Extra"]
[Source "ChessBase"]
[SourceDate "2020.09.30"]
[SourceVersion "1"]
[SourceVersionDate "2020.09.30"]
[SourceQuality "1"]

1. e4 e6 2. Nc3 d5 3. d3 c5 4. exd5 exd5 5. Nf3 Nf6 6. Bg5 Be7 7. Be2 Nc6 8. 0-0 0-0 9. Re1 d4 10. Bxf6 Bxf6 11. Ne4 Be7 12. Nfd2 f5 13. Ng3 g6 14. Bf3 Bf6 15. Nc4 Re8 16. Qd2 Ne5 17. Nxe5 Rxe5 18. Qf4 Qd6 19. Rxe5 Bxe5 20. Qg5 Bxg3 21. hxg3 Kg7 22. Re1 Be6 23. g4 Rf8 24. gxf5 Rxf5 25. Qd2 b6 26. b3 Re5 27. g3 Bd5 28. Bxd5 Qxd5 29. Rxe5 Qxe5 30. Kg2 Kf6 31. c3 dxc3 32. Qc2 b5 33. f4 Qd5+ 34. Kf2 b4 35. a3 bxa3 36. Qxc3+ Qd4+ 37. Qxd4+ cxd4 38. Ke2 a2 39. Kf3 a1Q 40. Ke4 Qc3 41. Kd5 Qxd3 42. g4 Qxb3+ 43. Kxd4 Qf3 44. g5+ Ke6 45. Kc4 Qd1 46. Kb5 Kd5 47. Ka6 Qb3 48. f5 Qb6# 0-1

[Event "GER Cup Net V4 U1600"]
[Site "Playchess.com INT"]
[Date "2020.05.31"]
[Round "2"]
[White "Radeke, Rico"]
[Black "Rohm, Linus"]
[Result "0-1"]
[WhiteElo "1492"]
[BlackElo "1741"]
[PlyCount "120"]
[EventDate "2020.05.31"]
[EventType "swiss (blitz)"]
[EventRounds "9"]
[EventCountry "GER"]
[SourceTitle "EXT 2021"]
[Source "ChessBase"]
[SourceDate "2020.10.23"]
[SourceVersion "1"]
[SourceVersionDate "2020.10.23"]
[SourceQuality "1"]

1. d4 Nf6 2. c4 g6 3. Nc3 Bg7 4. e4 d6 5. Nf3 0-0 6. Be2 e5 7. dxe5 dxe5 8. 0-0 c6 9. Nxe5 Nxe4 10. Nf3 Nxc3 11. bxc3 Bxc3 12. Rb1 Qxd1 13. Rxd1 Nd7 14. Bb2 Bxb2 15. Rxb2 b6 16. Rbd2 Nc5 17. Ne5 Ne4 18. Rd4 Nc3 19. R1d2 Nxe2+ 20. Rxe2 c5 21. Rd5 Bb7 22. Rd6 Rfe8 23. f4 Rad8 24. Rxd8 Rxd8 25. Kf2 f6 26. Ng4 Kf7 27. Nh6+ Kg7 28. Re7+ Kxh6 29. Rxb7 Rd2+ 30. Kg3 Rxa2 31. h3 Ra3+ 32. Kf2 g5 33. fxg5+ fxg5 34. g3 Rc3 35. Rxa7 Rxc4 36. Ra6 Rb4 37. Ke2 Rb3 38. Kf2 Kg6 39. Kg2 c4 40. Kf2 Kh6 41. h4 gxh4 42. gxh4 Kh5 43. Ra7 Kxh4 44. Rxh7+ Kg5 45. Rd7 b5 46. Ke2 Kf5 47. Kd2 Ke6 48. Rd8 b4 49. Kc2 Rc3+ 50. Kb2 Rh3 51. Rb8 Rh2+ 52. Kc1 b3 53. Rc8 Kd5 54. Rd8+ Kc5 55. Rc8+ Kb4 56. Re8 b2+ 57. Kb1 Kb3 58. Rb8+ Kc3 59. Rg8 Rh1+ 60. Ka2 Ra1# 0-1

[Event "GER Cup Net V4 U1600"]
[Site "Playchess.com INT"]
[Date "2020.05.31"]
[Round "3"]
[White "Rohm, Linus"]
[Black "Gerhard, Dominik"]
[Result "0-1"]
[WhiteElo "1741"]
[BlackElo "1623"]
[PlyCount "152"]
[EventDate "2020.05.31"]
[EventType "swiss (blitz)"]
[EventRounds "9"]
[EventCountry "GER"]
[SourceTitle "EXT 2021"]
[Source "ChessBase"]
[SourceDate "2020.10.23"]
[SourceVersion "1"]
[SourceVersionDate "2020.10.23"]
[SourceQuality "1"]

1. d4 Nf6 2. Bf4 d5 3. e3 c5 4. c3 Nc6 5. Nd2 e6 6. Ngf3 Nh5 7. Bg3 Nxg3 8. hxg3 Bd6 9. Bd3 h6 10. g4 c4 11. Bc2 Be7 12. Qe2 Bd7 13. e4 Qb6 14. Rb1 Bf6 15. exd5 Ne7 16. Nxc4 Qa6 17. dxe6 Bxe6 18. Bb3 0-0 19. g5 hxg5 20. 0-0 Ng6 21. g3 Qc6 22. Na5 Qb6 23. Bxe6 Qxa5 24. Bb3 Rae8 25. Qd2 Qf5 26. Kg2 g4 27. Nh2 Qh5 28. Bc2 Qh3+ 29. Kg1 Ne7 30. Qf4 Ng6 31. Qxg4 Qxg4 32. Nxg4 Re2 33. Nxf6+ gxf6 34. Bxg6 fxg6 35. Rfe1 Rfe8 36. Rxe2 Rxe2 37. Kf1 Rc2 38. f4 Kf7 39. a4 Ke6 40. Ke1 Kd5 41. Kd1 Rg2 42. b3 Rxg3 43. Kd2 Rg2+ 44. Ke3 Rc2 45. Kd3 Rh2 46. c4+ Kd6 47. Re1 Rh3+ 48. Re3 Rh1 49. d5 Rb1 50. Re6+ Kc5 51. Rxf6 Rxb3+ 52. Ke4 Rb4 53. d6 Rxc4+ 54. Ke5 Rd4 55. Rxg6 Rd5+ 56. Ke4 a6 57. Rg5 Rxg5 58. fxg5 Kxd6 59. g6 Ke6 60. g7 Kf7 61. g8Q+ Kxg8 62. Kd5 b5 63. a5 Kf8 64. Kc5 Ke8 65. Kb6 b4 66. Kxa6 b3 67. Ka7 b2 68. a6 b1Q 69. Ka8 Kd8 70. a7 Qe4+ 71. Kb8 Qb4+ 72. Ka8 Qa5 73. Kb8 Qb5+ 74. Ka8 Qa5 75. Kb7 Qc7+ 76. Ka8 Qc8# 0-1

[Event "GER Cup Net V2 U1600"]
[Site "Playchess.com INT"]
[Date "2020.05.22"]
[Round "7"]
[White "Schneider, Martin3333"]
[Black "Rohm, Linus"]
[Result "0-1"]
[WhiteElo "1591"]
[BlackElo "1656"]
[PlyCount "114"]
[EventDate "2020.05.22"]
[EventType "swiss (blitz)"]
[EventRounds "9"]
[EventCountry "GER"]
[SourceTitle "EXT 2021"]
[Source "ChessBase"]
[SourceDate "2020.10.23"]
[SourceVersion "1"]
[SourceVersionDate "2020.10.23"]
[SourceQuality "1"]

1. e4 e6 2. Qe2 Nf6 3. g3 b6 4. Bg2 Bb7 5. d3 d5 6. exd5 Nxd5 7. Nf3 Nc6 8. 0-0 Be7 9. d4 0-0 10. c3 a5 11. Bf4 Ba6 12. c4 Nxf4 13. gxf4 Nxd4 14. Nxd4 Qxd4 15. Bxa8 Bxc4 16. Qe3 Qxe3 17. fxe3 Bxf1 18. Kxf1 Rxa8 19. Nc3 Bf6 20. Rd1 Rd8 21. Ke2 Rxd1 22. Kxd1 Bxc3 23. bxc3 Kf8 24. Ke2 Ke7 25. Kd3 Kd6 26. e4 f6 27. Kd4 b5 28. a3 c5+ 29. Ke3 b4 30. cxb4 cxb4 31. axb4 axb4 32. Kd4 e5+ 33. fxe5+ fxe5+ 34. Kc4 b3 35. Kxb3 Kc5 36. Kc3 g5 37. Kd3 Kb4 38. Kd2 Kc4 39. Ke3 Kc3 40. h3 h5 41. Kf3 Kd3 42. Kg3 Kxe4 43. h4 gxh4+ 44. Kxh4 Kf3 45. Kxh5 e4 46. Kg5 e3 47. Kf5 e2 48. Ke5 e1Q+ 49. Kd5 Qe4+ 50. Kc5 Ke3 51. Kd6 Kd4 52. Kc7 Qg6 53. Kd7 Kd5 54. Ke7 Qe6+ 55. Kd8 Qf7 56. Kc8 Kc6 57. Kb8 Qb7# 0-1

[Event "Dortmund Sparkassen op-C 47th"]
[Site "Dortmund"]
[Date "2019.07.19"]
[Round "7"]
[White "Rohm, Linus"]
[Black "Muecke, Lukas Benedikt"]
[Result "1-0"]
[WhiteElo "1424"]
[BlackElo "1362"]
[PlyCount "77"]
[EventDate "2019.07.13"]
[EventType "swiss"]
[EventRounds "9"]
[EventCountry "GER"]
[SourceTitle "CBM 192 Extra"]
[Source "Chessbase"]
[SourceDate "2019.11.06"]
[SourceVersion "1"]
[SourceVersionDate "2019.11.06"]
[SourceQuality "1"]

1. d4 d5 2. Bf4 Nf6 3. Nf3 e6 4. e3 Bd6 5. Bg3 c5 6. c3 Nc6 7. Bd3 0-0 8. Nbd2 Re8 9. 0-0 Bxg3 10. hxg3 cxd4 11. exd4 Nd7 12. Qc2 h6 13. Rfe1 Nf6 14. Bb5 Bd7 15. Bxc6 Bxc6 16. Ne5 Qc7 17. Rac1 Nd7 18. Ndf3 f6 19. Ng6 Nf8 20. Nxf8 Kxf8 21. Re3 Bd7 22. Rce1 Rac8 23. Qg6 Qd6 24. g4 Kg8 25. g3 Qb6 26. Kg2 Qxb2 27. Rh1 Kf8 28. Rxh6 gxh6 29. Qxf6+ Kg8 30. Ne5 Rf8 31. Qg6+ Kh8 32. Qxh6+ Kg8 33. Qg6+ Kh8 34. Nf7+ Rxf7 35. Qxf7 Be8 36. Qf6+ Kh7 37. Re1 Rc7 38. Rh1+ Kg8 39. Rh8# 1-0

[Event "Dortmund Sparkassen op-C 47th"]
[Site "Dortmund"]
[Date "2019.07.17"]
[Round "5"]
[White "Rohm, Linus"]
[Black "Wichmann, Luc"]
[Result "1/2-1/2"]
[WhiteElo "1424"]
[BlackElo "1294"]
[PlyCount "43"]
[EventDate "2019.07.13"]
[EventType "swiss"]
[EventRounds "9"]
[EventCountry "GER"]
[SourceTitle "CBM 192 Extra"]
[Source "Chessbase"]
[SourceDate "2019.11.06"]
[SourceVersion "1"]
[SourceVersionDate "2019.11.06"]
[SourceQuality "1"]

1. d4 d5 2. Nf3 e6 3. g3 Nf6 4. Bg2 c6 5. 0-0 Bd6 6. b3 b6 7. c4 Bb7 8. Nbd2 0-0 9. Bb2 Nbd7 10. Qc2 a5 11. e4 Be7 12. Rfe1 Rc8 13. Re2 Ne8 14. Rae1 Nc7 15. exd5 cxd5 16. Qd3 Bf6 17. cxd5 Ba6 18. Qb1 Bxe2 19. dxe6 Bxf3 20. exd7 Qxd7 21. Nxf3 Rfe8 22. Ne5 1/2-1/2

[Event "Dortmund Sparkassen op-C 47th"]
[Site "Dortmund"]
[Date "2019.07.14"]
[Round "2"]
[White "Klees, Robert"]
[Black "Rohm, Linus"]
[Result "0-1"]
[WhiteElo "1264"]
[BlackElo "1424"]
[PlyCount "46"]
[EventDate "2019.07.13"]
[EventType "swiss"]
[EventRounds "9"]
[EventCountry "GER"]
[SourceTitle "CBM 192 Extra"]
[Source "Chessbase"]
[SourceDate "2019.11.06"]
[SourceVersion "1"]
[SourceVersionDate "2019.11.06"]
[SourceQuality "1"]

1. d4 d5 2. c4 e6 3. Nc3 c6 4. Nf3 Nf6 5. cxd5 cxd5 6. Bg5 Be7 7. e3 0-0 8. Bd3 Qb6 9. Qc2 h6 10. Na4 Qa5+ 11. Nc3 hxg5 12. Nxg5 Ne4 13. Ngxe4 dxe4 14. Bxe4 Bb4 15. 0-0 Bxc3 16. bxc3 Nc6 17. Rfd1 Qg5 18. f4 Qh6 19. Rf1 f5 20. Bd3 Bd7 21. Rf3 Rac8 22. Rb1 b6 23. e4 Nxd4 0-1

[Event "Dortmund Sparkassen op-C 47th"]
[Site "Dortmund"]
[Date "2019.07.13"]
[Round "1"]
[White "Rohm, Linus"]
[Black "Heinz, Hans Werner"]
[Result "1-0"]
[WhiteElo "1424"]
[BlackElo "1111"]
[PlyCount "71"]
[EventDate "2019.07.13"]
[EventType "swiss"]
[EventRounds "9"]
[EventCountry "GER"]
[SourceTitle "CBM 192 Extra"]
[Source "Chessbase"]
[SourceDate "2019.11.06"]
[SourceVersion "1"]
[SourceVersionDate "2019.11.06"]
[SourceQuality "1"]

1. d4 d5 2. Nf3 Nc6 3. g3 e6 4. Bg2 h6 5. 0-0 Be7 6. c4 Nf6 7. Nc3 0-0 8. cxd5 exd5 9. Re1 a6 10. Ne5 Be6 11. Nxc6 bxc6 12. Na4 Qd7 13. b3 Bh3 14. Bb2 Bxg2 15. Kxg2 Ne4 16. Nc3 Ng5 17. e4 Qh3+ 18. Kg1 Qd7 19. Qe2 Bb4 20. e5 Ne4 21. Nxe4 dxe4 22. Red1 Qd5 23. Rac1 f5 24. Qc4 Ba5 25. Qxd5+ cxd5 26. Rc5 Bb6 27. Rxd5 f4 28. Re1 fxg3 29. hxg3 Rf5 30. Rxe4 Raf8 31. Ba3 R8f7 32. Rd8+ Kh7 33. f4 c5 34. Rd6 cxd4 35. Rxb6 Rd7 36. Rd6 1-0